Ciencias sociales : tercer grado

Gespeichert in:
Bibliographische Detailangaben
Körperschaften: México. Comisión Nacional de los Libros de Texto Gratuitos., México. Secretaría de Educación Pública.
Weitere Verfasser: Zoraida Vázquez, Josefina (Projektleitung)
Format: Buch
Sprache:Spanisch
Erschienen: México : SEP. Comisión Nacional de los Libros de Texto Gratuitos, 1976.
Ausgabe:4a. ed.
Katalog:MANES:  Suchergebnis im Bibliothekskatalog
Schulbuchspezifische Eigenschaften:
Schriftenreihe:Libro de texto gratuito.
Tags: Tag hinzufügen
Keine Tags, Fügen Sie den ersten Tag hinzu!
Hinzugefügt zu:07.11.2005
Geändert in:08.05.2025

MARC

LEADER 00000cam a2200000 a 4500
003 OSt
005 20250508092005.0
008 051108n1976 mx f 000 0 spa u
040 |a CINV  |c CINV 
050 0 4 |a LTG LB1584  |b M49 3º 1976 
051 0 4 |a LTG LB1584-M49 3º 1976 
110 2 |a México.  |b Comisión Nacional de los Libros de Texto Gratuitos. 
245 1 0 |a Ciencias sociales :  |b tercer grado /  |c Josefina Zoraida Vázquez, coord. 
250 |a 4a. ed. 
260 |a México :  |b SEP. Comisión Nacional de los Libros de Texto Gratuitos,  |c 1976. 
300 |a v.:  |b il.;  |c 26 cm. 
440 |a Libro de texto gratuito.  |9 21882 
501 |b tercer grado :  |b libro del maestro. 
500 |a Ciencias sociales :  |b tercer grado :  |b libro del maestro edición 1977.  |a Ciclo escolar: 1976-1977. 
502 |a Encuadernado con: Ciencias sociales : 
546 |a México 
561 |5 mx-CINVES  |a México. DIE-Cinvestav (Ciudad de México)  |k MANES 
691 0 |a PRI 
700 1 |a Zoraida Vázquez, Josefina,  |e coord. 
710 2 |a México.  |b Secretaría de Educación Pública.  |9 24090 
740 |a Ciencias sociales :  |b tercer grado :  |b libro del maestro.. 
910 |a E-14552  |b Don-1983.  |a E-14553(ej.2)  |a E-7463(ej.3) 
911 |a E-14552 
942 |2 ddc  |c BK 
999 |c 54097  |d 54097 
999 |c manes:54097  |d 54097